Complete the Movie Title (1950) - Statistics

General Stats
  • This quiz has been taken 54 times
  • The average score is 15 of 25
Answer Stats
Hint Answer % Correct
_____ella Cinder
93%
Treasure _____ Island
90%
Cheaper by the _____ Dozen
88%
All About _____ Eve
88%
_____ of the Bride Father
86%
_____ Boulevard Sunset
81%
Three Little _____ Words
81%
Broken _____ Arrow
74%
_____ in the Streets Panic
71%
_____ on the Run Woman
69%
The Breaking _____ Point
64%
King Solomon’s _____ Mines
62%
Where the _____ Ends Sidewalk
62%
_____ Warning Storm
62%
The _____ Don’t Cry Damned
57%
The Asphalt _____ Jungle
55%
The _____ of Fury Sound
55%
In a Lonely _____ Place
52%
_____ Fright Stage
50%
_____ Master Wagon
43%
_____ Crazy Gun
40%
Stars in My _____ Crown
38%
_____ and the City Night
33%
Dark _____ City
21%
Mystery _____ Street
19%
No matching quizzes found
Score Distribution
Percent of People with Each Score
Percentile by Number Answered
Your Score History
You have not taken this quiz